Malaya: (Record no. 551900)
[ view plain ]
| 000 -LEADER | |
|---|---|
| fixed length control field | 00480nam a22001571 4500 |
| 082 00 - DEWEY DECIMAL CLASSIFICATION NUMBER | |
| Classification number | 959.5704 |
| Author Mark | BAL |
| 100 1# - MAIN ENTRY--PERSONAL NAME | |
| Personal name | O'Ballance, Edgar. |
| 9 (RLIN) | 46378 |
| 245 10 - TITLE STATEMENT | |
| Title | Malaya: |
| Remainder of title | the communist insurgent war, 1948-1960. |
| 260 ## - PUBLICATION, DISTRIBUTION, ETC. | |
| Place of publication, distribution, etc. | London, |
| Name of publisher, distributor, etc. | Faber, |
| Date of publication, distribution, etc. | 1966. |
| 300 ## - PHYSICAL DESCRIPTION | |
| Extent | 3-188 p. |
| Other physical details | front. (map) |
| Dimensions | 22 1/2 cm. |
| 526 ## - STUDY PROGRAM INFORMATION NOTE | |
| Program name | 0 |
| Interest level | 0 |
| Reading level | 0 |
| Title point value | 959_570400000000000_BAL |
| 526 ## - STUDY PROGRAM INFORMATION NOTE | |
| Program name | 0 |
| Interest level | 0 |
| Reading level | 0 |
| Title point value | 959_570400000000000_BAL |
| 526 ## - STUDY PROGRAM INFORMATION NOTE | |
| Program name | 0 |
| Interest level | 0 |
| Reading level | 0 |
| Title point value | 959_570400000000000_BAL |
| 650 ## - SUBJECT ADDED ENTRY--TOPICAL TERM | |
| Topical term or geographic name entry element | MCE |
| 9 (RLIN) | 379 |
| 942 ## - ADDED ENTRY ELEMENTS (KOHA) | |
| Source of classification or shelving scheme | |
| Koha item type | Book |
| Withdrawn status | Lost status | Source of classification or shelving scheme | Damaged status | Not for loan | Permanent Location | Current Location | Date acquired | Total Checkouts | Full call number | Barcode | Date last seen | Price effective from | Koha item type |
|---|---|---|---|---|---|---|---|---|---|---|---|---|---|
| Military College of Engineering (MCE) | Military College of Engineering (MCE) | 01/01/2015 | 959.5704 BAL | MCE-6117 | 01/01/2015 | 01/01/2015 | Book | ||||||
| Military College of Engineering (MCE) | Military College of Engineering (MCE) | 01/07/2015 | 959.5704 BAL | MCE-033548 | 01/07/2015 | 01/07/2015 | Book | ||||||
| Military College of Engineering (MCE) | Military College of Engineering (MCE) | 01/07/2015 | 959.5704 BAL | MCE-6116 | 01/07/2015 | 01/07/2015 | Book |
